| 000 | 00548cam a22001457a 4500 | ||
|---|---|---|---|
| 008 | 180718b1957 xxu||||| |||| 00| 0 eng d | ||
| 082 | _aK32x54 In2 | ||
| 245 | _aRecruitment and training for public services: proceedings of a seminar held on March 3, 1957 | ||
| 260 |
_aNew Delhi _bIndian Institute of Public Administration _c1957 |
||
| 300 | _a76p. | ||
| 650 | _aTraining - Civil Service - India | ||
| 650 | _aPublic relations --Recruitment --India | ||
| 650 | _aPersonnel management --India | ||
| 700 | _aIndian Institute of Public Administration | ||
| 999 |
_c475872 _d475872 |
||